| 000 | 01192nam a2200349 a 4500 | ||
|---|---|---|---|
| 001 | 000016936 | ||
| 003 | DO-SdBNP | ||
| 005 | 20180402155721.0 | ||
| 007 | 000016936 | ||
| 008 | 100312s1986 dr 000 0 spa d | ||
| 040 |
_aBPMSU _bspa _cBPMSU |
||
| 082 | 4 |
_a378.1012 _bU58r, 1986 |
|
| 110 | 1 | _aUniversidad Autónoma de Santo Domingo | |
| 245 | 1 | 4 | _aLos reglamentos de la UASD. |
| 260 |
_aSanto Domingo : _bEditora Universitaria, _c1986-1988 |
||
| 300 |
_a2v. ; _c21 cm. |
||
| 490 | 1 |
_aPublicaciones de la Universidad Autónoma de Santo Domingo _v489, 603 |
|
| 490 | 1 |
_aUniversidad y planificación _v6, 11 |
|
| 610 | 1 | 4 |
_aUNIVERSIDAD AUTÓNOMA DE SANTO DOMINGO _xREGLAMENTOS |
| 650 | 4 |
_aUNIVERSIDADES _vREGLAMENTOS |
|
| 830 | 0 |
_aPublicaciones de la Universidad Autónoma de Santo Domingo _n489, 603 |
|
| 830 | 0 |
_aUniversidad y planificación _n6, 11 |
|
| 910 | _aValidado. Control de calidad BNPHU | ||
| 930 | 1 |
_l _m _h _8 _f _p _g _h |
|
| 930 |
_l _m _h _8 _f _p _g _h |
||
| 942 |
_2ddc _cBK |
||
| 945 | _aRemanejado para la BNPHU / BT | ||
| 956 |
_a _b _c _l _h |
||
| 956 |
_a _b _c _l _h |
||
| 956 |
_a _b _c _l _h |
||
| 956 |
_aVMATEO _b10 _c20150806 _lBPMSU _h00151 |
||
| 999 |
_c8088 _d8088 |
||